| 000 | 01003nam a2200241Ia 4500 | ||
|---|---|---|---|
| 999 |
_c37646 _d37646 |
||
| 001 | 3618 | ||
| 003 | GE_BSU | ||
| 005 | 20230201121553.0 | ||
| 008 | 181216s2003||||ge |||||||||||||| ||geo|| | ||
| 020 | _a9992846771 | ||
| 040 | _cGE_BSU | ||
| 041 | _ageo | ||
| 080 | _a347.9 ბ–29 | ||
| 100 |
_aბასილაია, ფრიდონ _92848 |
||
| 245 |
_aდანაშაული სასამართლო ხელისუფლების წინააღმდეგ / _cფრიდონ ბასილაია; რედ. გურამ ნაჭყებია. |
||
| 250 | _aპირველი გამოცემა | ||
| 264 |
_aქუთაისი : _bსაგამომც. ცენტრი, _c2003. |
||
| 300 |
_a307 გვ.; _b21 სმ. |
||
| 504 | _aბიბლიოგრ. გვ. 297-304 | ||
| 653 | _aსამართალი | ||
| 700 |
_aნაჭყებია, გურამ _eრედაქტორი _9219 |
||
| 942 |
_cBK _2udc |
||